Normal view
MARC view
- Kalman, David M
Entry Personal Name
001 - CONTROL NUMBER
- control field: 113111
003 - CONTROL NUMBER IDENTIFIER
- control field: NUST
005 - DATE AND TIME OF LATEST TRANSACTION
- control field: 20230608171644.0
008 - FIXED-LENGTH DATA ELEMENTS
- fixed length control field: 230608|| aca||aabn | a|a d
040 ## - CATALOGING SOURCE
- Original cataloging agency: NUST
- Transcribing agency: NUST
100 ## - HEADING--PERSONAL NAME
- Personal name: Kalman, David M
670 ## - SOURCE DATA FOUND
- Source citation: Work cat.: (NUST)174942: Kalman, David M., The dBase language handbook :, c1989.
